| 000 | 00761nam a22001937a 4500 | ||
|---|---|---|---|
| 003 | OSt | ||
| 005 | 20250408110339.0 | ||
| 008 | 250408b |||||||| |||| 00| 0 spa d | ||
| 022 | _a2011-0073 | ||
| 037 | _bDonación | ||
| 040 |
_aCO-JMCR _bspa _cCO-JMCR _dCO-JMCR _erda |
||
| 082 | 0 | 4 |
_a343.038 _223 _bM66c |
| 110 | 1 |
_aMinisterio de Hacienda y Crédito Público _eautor. _936696 |
|
| 245 | 1 | 0 |
_aConceptos en materia tributaria y financiera territorial / _cMinisterio de Hacienda y Crédito Público. Dirección General de Apoyo Fiscal. |
| 260 |
_aBogotá : _bMinisterio de Hacienda y Crédito Público. Dirección General de Apoyo Fiscal, _c2012. |
||
| 300 |
_a372 páginas: _c24 cm. |
||
| 710 | 1 |
_aDirección General de Apoyo Fiscal. _944102 |
|
| 942 |
_2ddc _cBK |
||
| 999 |
_c30960 _d17344 |
||